000 00564nam a2200169 a 4500
008 120416s1983 ||||||||||||||||| || u
050 _aHD 47.5 Wil
100 _aWilson, R. M. S
245 1 0 _aCost control handbook
250 _a2nd.ed.
260 _aHants
_bGower
_c[1983]
300 _axvii, 610p. : ill.
350 _a0.00
650 0 _aBUSINESS
650 _aCOST CONTROL--HANDBOOKS, MANUALS, ETC
995 _D0.00
_FCBU-MAIN LIBRARY (Kitwe)
_H1
_I0.00
_M1
_UAVAILABLE
_ZMain Library Open Access Collection
999 _c38995
_d38995